| 000 | 00366nam a2200145Ia 4500 | ||
|---|---|---|---|
| 008 | 150201s2001 xx 000 0 und d | ||
| 082 |
_a617.6 _bT2001S |
||
| 100 | _aSTEFANCE S.J. | ||
| 245 | _aTREATMENT PLANING IN DENTISTRY | ||
| 250 | _a1ST | ||
| 260 |
_bMOSBY _aNEW DELHI _c2001 |
||
| 300 | _a1- | ||
| 650 | _aPREVENTIVE AND COMMUNITY DENTISTRY | ||
| 942 |
_2ddc _cBK |
||
| 999 |
_c3427 _d3427 |
||